00530nam a22001457a 4500020001800000040000900018082001200027100002900039245006500068260004100133650007300174942001400247999001900261952010400280 a9780486661100 cNUST a532 ARI aAris, Rutherford9113932 aVectors, Tensors, and the Basic Equations of Fluid Mechanics aNew York:bDover Publication,c1989. aVectors, Tensors, and the Basic Equations of Fluid Mechanics9113933 2ddccTEXT c595359d595359 00102ddc4070aCEMEbCEMEcTEXTd2023-08-03l0o532 ARIpCEME-50936r2023-08-03w2023-08-03yTEXT